|
|
|
|
| LEADER |
00000nam a2200000 a 4500 |
| 001 |
vtls011734369 |
| 003 |
SK-MaSNL |
| 005 |
20260301095013.0 |
| 008 |
251112q1907 hu habcgri 000 0 hun |
| 040 |
|
|
|a SNK
|b slo
|c SNK
|e AACR2
|
| 041 |
|
|
|a hun
|
| 043 |
|
|
|a e-hu---
|
| 044 |
|
|
|a hu
|c HU
|
| 072 |
|
7 |
|a 94(430/439)
|x Dejiny krajín strednej Európy
|2 konspekt
|
| 080 |
|
|
|a 94(430/439)
|2 2011
|
| 080 |
|
|
|a 94(439.2)
|2 2011
|
| 080 |
|
|
|a 94(439)
|2 2011
|
| 080 |
|
|
|a 94"04/14"
|2 2011
|
| 080 |
|
|
|a (439.2)
|2 2011
|
| 080 |
|
|
|a (093)
|2 2001
|
| 080 |
|
|
|a (082.2)
|2 2011
|
| 245 |
0 |
0 |
|a Árpád és az árpádok
|b tŏrténelmi emlékmŭ
|c szerkesztette Csánki Dezső ; árpád vezér halálának ezredik évfordulója alkalmával, Thaly Kálmán
|
| 260 |
|
|
|a Budapest
|b Franklin-Társulat
|c 1907
|
| 300 |
|
|
|a xvii, 396 s., [2] s obrazovou prílohou
|b faksimílie, ilustrácie, mapy, portréty
|c 40 cm
|
| 336 |
|
|
|a text
|b txt
|2 rdacontent
|
| 336 |
|
|
|a statický obraz
|b sti
|2 rdacontent
|
| 337 |
|
|
|a bez média
|b n
|2 rdamedia
|
| 338 |
|
|
|a zväzok
|b nc
|2 rdacarrier
|
| 504 |
|
|
|a Obsahuje bibliografické odkazy
|
| 561 |
|
|
|a Na titulnom liste pečiatka: Allami Felsöbb Leányiskola Kassa. tanári könyvtár.
|5 SNK SA 183
|
| 561 |
|
|
|a Na prednej predsátke kruhová pečiatka s textom: A Kassai M. Kir. Állami Felsőbb Leányiskola Pecsétje.
|5 SNK SA 183
|
| 563 |
|
|
|a Reštaurovaná kožená väzba s poškodeným reliefom pamätníka.
|5 SNK SA 183
|
| 600 |
3 |
7 |
|a Arpád (rod)
|2 SNKMA
|9 83555
|
| 648 |
|
7 |
|a stredovek
|2 SNKPH
|9 310753
|
| 648 |
|
7 |
|a Middle Ages
|2 SNKPHeng
|9 419337
|
| 651 |
|
7 |
|a Uhorsko
|x dejiny
|2 SNKPH
|9 56334
|
| 651 |
|
7 |
|a Hungary
|x history
|2 SNKPHeng
|9 314626
|
| 655 |
|
7 |
|a historické pramene
|2 SNKPH
|9 70616
|
| 655 |
|
7 |
|a jubilejné publikácie
|2 SNKPH
|9 70339
|
| 655 |
|
7 |
|a Historical sources
|2 SAVUKPHeng
|9 311563
|
| 655 |
|
7 |
|a Jubilee books
|2 SNKPHeng
|9 281827
|
| 700 |
1 |
|
|a Csánki, Dezső,
|d 1857-1933
|4 edt
|9 429688
|
| 700 |
1 |
|
|a Thaly, Kálmán,
|d 1839-1909
|4 clb
|9 112502
|
| 710 |
2 |
|
|a Franklin-Társulat, Magyar irodalmi intézet és könyvnyomda (Budapešť, Maďarsko),
|d 1873-1950
|4 prt
|9 151052
|
| 710 |
2 |
|
|a Kráľovská dievčenská škola (Košice, Slovensko)
|4 fmo
|9 374068
|
| 852 |
|
|
|a snk
|p SA 183
|
| 999 |
|
|
|c 681925
|d 683855
|
| 952 |
|
|
|t 1
|a SNK
|b SNK
|c SNK_KF
|y PREZ
|7 8
|p 17A0739788
|o snkSA 183
|i snk1970/37
|8 21
|0 0
|1 0
|2 udc
|4 0
|d 2025-09-10
|l 0
|r 2026-02-23 20:00:00
|w 2026-02-23
|